|
|
|
|
| LEADER |
00000cam a2200000 7i4500 |
| 001 |
0000008229 |
| 002 |
000008974 |
| 005 |
20000330.0 |
| 020 |
|
|
|a 0721413242
|
| 090 |
0 |
0 |
|a JF
|b MUR
|
| 100 |
1 |
|
|a Murray, William
|
| 245 |
1 |
4 |
|a The big secret
|c William Murray
|
| 260 |
|
|
|a Loughborough :
|b Ladybird Books Ltd ,
|c 19__
|
| 300 |
|
|
|a 41p. :
|b ill ;
|c 17cm.
|
| 490 |
0 |
|
|a Read with me!
|
| 650 |
0 |
0 |
|a Children's stories
|
| 999 |
|
|
|a 052621
|b BUKU
|c PINJAMAN
|e PERPUSTAKAAN KOMUNITI CAW KOTA DAMANSARA
|
| 999 |
|
|
|a 052622
|b BUKU
|c PINJAMAN
|e PERPUSTAKAAN KOMUNITI CAW KOTA DAMANSARA
|
| 999 |
|
|
|a 052623
|b BUKU
|c PINJAMAN
|e PERPUSTAKAAN KOMUNITI PETALING JAYA
|
| 999 |
|
|
|a 055639
|b BUKU
|c PINJAMAN
|e PERPUSTAKAAN KOMUNITI PETALING JAYA
|